Northern Rock Building Society v Archer; Archer v Hickmotts (Record no. 62208)
[ view plain ]
| 000 -LEADER | |
|---|---|
| fixed length control field | 01236cam a2200193 4500 |
| 001 - CONTROL NUMBER | |
| control field | X103567 |
| 008 - FIXED-LENGTH DATA ELEMENTS--GENERAL INFORMATION | |
| fixed length control field | 000000n2000 000 0 eng u |
| 035 ## - SYSTEM CONTROL NUMBER | |
| System control number | (Sirsi) u103567 |
| 245 ## - TITLE STATEMENT | |
| Title | Northern Rock Building Society v Archer; Archer v Hickmotts |
| 260 ## - PUBLICATION, DISTRIBUTION, ETC. | |
| Date of publication, distribution, etc. | 2000 |
| 490 ## - SERIES STATEMENT | |
| Series statement | Property and Compensation Reports |
| Volume/sequential designation | [1999] 78 P&CR 2, 65-82 |
| 520 ## - SUMMARY, ETC. | |
| Summary, etc. | CA 31 July 1998. Real property. A. mortgaged property to secure advance for brother, R. R named as surety. Building society knew A could not meet repayments. A really acting as surety. True position not apparent on face of documents. Solicitor acting for A not aware of true position though other partners were. R later adjudicated bankrupt. Society sought possession against A. A argued that mortgage secured by undue influence. A also commenced proceedings against solicitors for breach of duty. Whether mortgage void and unenforcable. Whether solicitors had failed to discharge duty to A. Liability for costs of action between A and solicitors. TAKEN FROM JOURNAL HEADNOTE. |
| 650 ## - SUBJECT ADDED ENTRY--TOPICAL TERM | |
| Topical term or geographic name entry element | MORTGAGES |
| 650 ## - SUBJECT ADDED ENTRY--TOPICAL TERM | |
| Topical term or geographic name entry element | NORTHERN ROCK BUILDING SOCIETY V ARCHER |
| 650 ## - SUBJECT ADDED ENTRY--TOPICAL TERM | |
| Topical term or geographic name entry element | ARCHER V HICKMOTTS |
| 650 ## - SUBJECT ADDED ENTRY--TOPICAL TERM | |
| Topical term or geographic name entry element | BANKRUPTCY |
| 690 ## - LOCAL SUBJECT ADDED ENTRY--TOPICAL TERM (OCLC, RLIN) | |
| Topical term or geographic name as entry element | HOUSING-HOUSING FINANCE-CASE LAW |
| 942 ## - ADDED ENTRY ELEMENTS (KOHA) | |
| Suppress in OPAC | 0 |
| Withdrawn status | Lost status | Source of classification or shelving scheme | Damaged status | Not for loan | Home library | Current library | Shelving location | Date acquired | Total Checkouts | Full call number | Barcode | Date last seen | Copy number | Price effective from | Koha item type |
|---|---|---|---|---|---|---|---|---|---|---|---|---|---|---|---|
| Dewey Decimal Classification | London | London | Journal article | 13/01/2000 | X103567 | 103567-1001 | 06/08/2019 | 1 | 06/08/2019 | Law report |